Online
Catalog

... De esos tenemos tantos como el que mas / (Record no. 6458)

MARC details
000 -CABECERA
campo de control de longitud fija 00740cam a2200217 a 4500
001 - NÚMERO DE CONTROL
campo de control 000006669
005 - FECHA Y HORA DE LA ÚLTIMA TRANSACCIÓN
campo de control 20200929153954.0
008 - DATOS DE LONGITUD FIJA--INFORMACIÓN GENERAL
campo de control de longitud fija 760831s1976 sp 000 0 spa
020 ## - NÚMERO INTERNACIONAL ESTÁNDAR DEL LIBRO
Número Internacional Estándar del Libro 8431201398
040 ## - FUENTE DE LA CATALOGACIÓN
Centro catalogador/agencia de origen DO-SdBNP
Lengua de catalogación spa
Centro/agencia transcriptor BNPHU
082 ## - NÚMERO DE LA CLASIFICACIÓN DECIMAL DEWEY
Número de clasificación 946.081
Número de documento/Ítem R454d
100 1# - ENTRADA PRINCIPAL--NOMBRE DE PERSONA
Nombre de persona Revilla Cebrecos, C.,
Fechas asociadas al nombre 1916-
9 (RLIN) 18562
245 14 - MENCIÓN DE TÍTULO
Título ... De esos tenemos tantos como el que mas /
Mención de responsabilidad, etc. C. Revilla Cebrecos.
260 ## - PUBLICACIÓN, DISTRIBUCIÓN, ETC.
Lugar de publicación, distribución, etc. Madrid :
Nombre del editor, distribuidor, etc. G. del Toro,
Fecha de publicación, distribución, etc. 1976.
300 ## - DESCRIPCIÓN FÍSICA
Extensión 345 p. ;
Dimensiones 21 cm.
500 ## - NOTA GENERAL
Nota general "Memorias de la guerra civil española 1936-1939".
651 #4 - PUNTO DE ACCESO ADICIONAL DE MATERIA--NOMBRE GEOGRÁFICO
Nombre geográfico España
Subdivisión general Historia
-- Guerra Civil, 1936-1939
9 (RLIN) 18563
650 #4 - PUNTO DE ACCESO ADICIONAL DE MATERIA--TÉRMINO DE MATERIA
Término de materia o nombre geográfico como elemento de entrada Demogracia
Subdivisión geográfica España
9 (RLIN) 18564
650 #4 - PUNTO DE ACCESO ADICIONAL DE MATERIA--TÉRMINO DE MATERIA
Término de materia o nombre geográfico como elemento de entrada Batalla de brunete
Subdivisión geográfica España
Subdivisión cronológica 1937
9 (RLIN) 18565
700 1# - PUNTO DE ACCESO ADICIONAL--NOMBRE DE PERSONA
Nombre de persona Toro, G del,
Término indicativo de función/relación ed.
9 (RLIN) 18566
Holdings
Estado de retiro Estado de pérdida Restricciones de uso No para préstamo Código de colección Localización permanente Ubicación/localización actual Ubicación en estantería Fecha de adquisición Número de inventario Total de préstamos Signatura topográfica completa Código de barras Fecha visto por última vez Precio válido a partir de Tipo de ítem Koha
    Préstamo interno   Monografías: Libros y Folletos General General En catalogación 01.09.2009 LF1   946.081 R454d 6669-10 25.06.2020 25.06.2020 Préstamo interno

Powered by Koha